Normal view MARC view
  • Pleyán, Carmen

Entry Nombre Personal

Number of records used in: 1

001 - NUMERO DE CONTROL

  • campo de control: 46010

003 - IDENTIFICADOR DE NUMERO DE CONTROL

  • campo de control: DLC

005 - FECHA Y HORA DE LA ÜLTIMA TRANSACCIÓN

  • campo de control: 20220901104507.0

008 - DATOS DE LONGITUD FIJA

  • campo de control de longitud fija: 101011n| acannaabn |a aaa d

010 ## - NÚMERO DE CONTROL DE LA BIBLIOTECA DEL CONGRESO

  • Número de control LC: no2010165035

035 ## - NUMERO DE CONTROL

  • Número de control: (OCoLC)oca08651929

040 ## - FUENTE DE CATALOGACIÓN

  • Agencia original de catalogación: MXMxUNAM
  • Lenguaje de catalogación: spa
  • Agencia de transcripción: MX-MxUI
  • Agencia que lo modifica: MX-MxUPN

100 1# - ENCABEZAMIENTO - NOMBRE PERSONAL

  • Nombre personal: Pleyán, Carmen

400 1# - VEÁSE - NOMBRE DE PERSONA

  • Personal name: Pleyán de García López, Carmen

400 1# - VEÁSE - NOMBRE DE PERSONA

  • Personal name: Pleyán, C.
  • Fuller form of name: (Carmen)

670 ## - FUENTE EN LA QUE SE LOCALIZARON DATOS

  • Cita de la fuente: Paradigma, 1973:
  • Información localizada: portada (Carmen Pleyán) cubierta (C. Pleyán)

670 ## - FUENTE EN LA QUE SE LOCALIZARON DATOS

  • Cita de la fuente: Nombres, 1973:
  • Información localizada: portada (Carmen Pleyán de García López; catedrática de enseñanza media) cubierta (C. Pleyán)

670 ## - FUENTE EN LA QUE SE LOCALIZARON DATOS

  • Cita de la fuente: Verbo, 1973:
  • Información localizada: portada (Carmen Pleyán de García López) cubierta (C. Pleyán)

902 ## - CATALOGADOR

  • Catalogador: VRC/010922